MARC details
| 000 -LEADER |
| fixed length control field |
01128nam a2200313#a 4500 |
| 001 - CONTROL NUMBER |
| control field |
00662 |
| 003 - CONTROL NUMBER IDENTIFIER |
| control field |
HDC |
| 007 - PHYSICAL DESCRIPTION FIXED FIELD--GENERAL INFORMATION |
| fixed length control field |
ta |
| 008 - FIXED-LENGTH DATA ELEMENTS--GENERAL INFORMATION |
| fixed length control field |
230623s1991 xx 000 0 eng d |
| 020 ## - INTERNATIONAL STANDARD BOOK NUMBER |
| International Standard Book Number |
0892814381 (pbk.). |
| 040 ## - CATALOGING SOURCE |
| Original cataloging agency |
HDC |
| 050 ## - LIBRARY OF CONGRESS CALL NUMBER |
| Classification number |
WZ 80.5 |
| Item number |
.A8 C542t 1991 |
| 100 ## - MAIN ENTRY--PERSONAL NAME |
| Personal name |
Chishti, G. M. |
| Fuller form of name |
(Ghulam Moinuddin), |
| Dates associated with a name |
1943- |
| 245 #4 - TITLE STATEMENT |
| Title |
The traditional healer s handbook : |
| Remainder of title |
a classic guide to the medicine of Avicenna / |
| Statement of responsibility, etc. |
Hakim G.M. Chishti. |
| 264 ## - PRODUCTION, PUBLICATION, DISTRIBUTION, MANUFACTURE, AND COPYRIGHT NOTICE |
| Place of production, publication, distribution, manufacture |
[s.l.] : |
| Name of producer, publisher, distributor, manufacturer |
Distributed to the book trade in the U.S. by American International Distribution Corp., |
| 264 ## - PRODUCTION, PUBLICATION, DISTRIBUTION, MANUFACTURE, AND COPYRIGHT NOTICE |
| Place of production, publication, distribution, manufacture |
Rochester, Vt. : |
| Name of producer, publisher, distributor, manufacturer |
Healing Arts Press |
| Date of production, publication, distribution, manufacture, or copyright notice |
c1991. |
| 300 ## - PHYSICAL DESCRIPTION |
| Extent |
385p. : |
| Other physical details |
ill. ; |
| Dimensions |
23cm. |
| 500 ## - GENERAL NOTE |
| General note |
Rev. ed. of: The traditional healer, c1988. |
| -- |
Includes bibliographical references (p. 376-385) and index. |
| 610 ## - SUBJECT ADDED ENTRY--CORPORATE NAME |
| Corporate name or jurisdiction name as entry element |
Avicenna, |
| Date of meeting or treaty signing |
980-1037. |
| 650 ## - SUBJECT ADDED ENTRY--TOPICAL TERM |
| Topical term or geographic name entry element |
History of Medicine, Medieval. |
| 650 ## - SUBJECT ADDED ENTRY--TOPICAL TERM |
| Topical term or geographic name entry element |
Medicine, Arab. |
| 650 ## - SUBJECT ADDED ENTRY--TOPICAL TERM |
| Topical term or geographic name entry element |
Medicine, Arab. |
| 650 ## - SUBJECT ADDED ENTRY--TOPICAL TERM |
| Topical term or geographic name entry element |
Medicine, Herbal. |
| 700 ## - ADDED ENTRY--PERSONAL NAME |
| Personal name |
Chishti, G. M. |
| Fuller form of name |
(Ghulam Moinuddin), |
| Dates associated with a name |
1943- |
| Title of a work |
Traditional healer. |
| 942 ## - ADDED ENTRY ELEMENTS (KOHA) |
| Source of classification or shelving scheme |
Library of Congress Classification |
| 942 ## - ADDED ENTRY ELEMENTS (KOHA) |
| Koha item type |
Book |
| 942 ## - ADDED ENTRY ELEMENTS (KOHA) |
| Call number prefix |
WZ 80.5 |
| 942 ## - ADDED ENTRY ELEMENTS (KOHA) |
| Call number suffix |
.A8 C542t 1991 |